[Event "DEM U16 Oberhof"]
[Site "?"]
[Date "2013.05.19"]
[Round "1.12"]
[White "Brodmann, Jasper Leo"]
[Black "Ott, Florian"]
[Result "1-0"]
[WhiteElo "1966"]
[BlackElo "2072"]
[PlyCount "91"]
[EventDate "2013.??.??"]

1. e4 c5 2. Nf3 d6 3. d4 cxd4 4. Nxd4 Nf6 5. Nc3 a6 6. Be3 e5 7. Nb3 Be6 8. h3
Be7 9. Qf3 O-O 10. g4 Nfd7 11. Nd5 a5 12. Bd3 Na6 13. Nxe7+ Qxe7 14. Nxa5 Nb4
15. Bd2 d5 16. Nb3 Rfc8 17. Bxb4 Qxb4+ 18. c3 Qd6 19. O-O Nf6 20. Rfd1 Ra4 21.
g5 Nxe4 22. Bxe4 dxe4 23. Rxd6 exf3 24. Nc5 Rxa2 25. Rxa2 Bxa2 26. Nxb7 Kf8 27.
Na5 e4 28. Rd4 Rc5 29. b4 Rxg5+ 30. Kf1 Bb1 31. Nc6 g6 32. c4 Bd3+ 33. Ke1 Rg1+
34. Kd2 Rf1 35. Ke3 Re1+ 36. Kf4 Re2 37. Kg3 f5 38. Rd8+ Kg7 39. Ne5 Bc2 40. b5
g5 41. b6 h5 42. b7 f4+ 43. Kh2 Rxf2+ 44. Kg1 Rg2+ 45. Kh1 Re2 46. b8=Q 1-0

[Event "DEM U16 Oberhof"]
[Site "?"]
[Date "2013.05.19"]
[Round "1.13"]
[White "Krause, Benedict"]
[Black "Scheel, Henrik"]
[Result "1-0"]
[WhiteElo "2112"]
[BlackElo "1746"]
[PlyCount "93"]
[EventDate "2013.??.??"]

1. e4 e5 2. Nf3 Nc6 3. d4 exd4 4. Nxd4 Bc5 5. Nb3 Bb6 6. Nc3 d6 7. Qe2 Nd4 8.
Nxd4 Bxd4 9. Bd2 a6 10. O-O-O Be6 11. f4 f6 12. Qd3 Bxc3 13. Bxc3 Qe7 14. Qd4
Nh6 15. h3 Nf7 16. g4 c5 17. Qa4+ Bd7 18. Qb3 b5 19. Qd5 Rc8 20. Bg2 Be6 21.
Qd3 b4 22. Be1 Bxa2 23. Qxa6 Be6 24. f5 Bd7 25. Bg3 Rc6 26. Qa8+ Rc8 27. Qd5
Rc6 28. Bf1 Ne5 29. g5 Qf7 30. Bxe5 fxe5 31. Bc4 Qxd5 32. Rxd5 Ke7 33. Rf1 Rf8
34. h4 Be8 35. Rd2 Bf7 36. f6+ gxf6 37. gxf6+ Kd8 38. Bxf7 Rxf7 39. Rf5 Ra6 40.
Rg2 Kd7 41. Rh5 Ke6 42. Rg7 Raa7 43. Rh6 Ra1+ 44. Kd2 Rxf6 45. Rhxh7 Rf2+ 46.
Ke3 Rxc2 47. Rg6# 1-0

[Event "DEM U16 Oberhof"]
[Site "?"]
[Date "2013.05.19"]
[Round "1.14"]
[White "Mueller, Max"]
[Black "Keller, Peter"]
[Result "1/2-1/2"]
[WhiteElo "1733"]
[BlackElo "2065"]
[PlyCount "60"]
[EventDate "2013.??.??"]

1. c4 c6 2. d4 d5 3. Nf3 Nf6 4. e3 Bg4 5. Nbd2 e6 6. Bd3 Bd6 7. h3 Bh5 8. Qc2
Nbd7 9. b3 Rc8 10. Bb2 Bg6 11. Rc1 Bxd3 12. Qxd3 O-O 13. O-O Qe7 14. e4 dxe4
15. Nxe4 Nxe4 16. Qxe4 Nf6 17. Qe2 Ba3 18. Rfe1 Rfd8 19. Rcd1 Bxb2 20. Qxb2 Rd6
21. Qc2 Rcd8 22. Rd2 h6 23. Red1 Nh7 24. Ne5 Qh4 25. Nxf7 Kxf7 26. Qxh7 Rxd4
27. Rxd4 Rxd4 28. Rxd4 Qxd4 29. Qc2 Qe5 30. Qd2 Kg6 1/2-1/2

[Event "DEM U16 Oberhof"]
[Site "?"]
[Date "2013.05.19"]
[Round "1.15"]
[White "Sabirov, Ramil"]
[Black "Heldt, Ronny"]
[Result "1/2-1/2"]
[WhiteElo "1900"]
[BlackElo "1858"]
[PlyCount "51"]
[EventDate "2013.??.??"]

1. Nf3 d5 2. c4 e6 3. g3 Nf6 4. Bg2 Be7 5. b3 Nbd7 6. Bb2 c6 7. O-O O-O 8. d4
Ne4 9. Nfd2 f5 10. Nc3 Ndf6 11. f3 Nxc3 12. Bxc3 c5 13. e3 Rb8 14. Qe2 b6 15.
Rfd1 Bb7 16. Rac1 Rc8 17. Bb2 Qd7 18. Nf1 Rfd8 19. Kh1 Qe8 20. Re1 Qg6 21. Nd2
Nh5 22. Rcd1 Qh6 23. Kg1 Bg5 24. Nb1 Ba6 25. Na3 Be7 26. Rc1 1/2-1/2

[Event "DEM U16 Oberhof"]
[Site "?"]
[Date "2013.05.19"]
[Round "2.1"]
[White "Richter, Leonard"]
[Black "Schroeder, Jan-Christian"]
[Result "1-0"]
[WhiteElo "1986"]
[BlackElo "2322"]
[PlyCount "117"]
[EventDate "2013.??.??"]

1. e4 e5 2. Nf3 Nc6 3. d4 exd4 4. Nxd4 Bb4+ 5. c3 Bc5 6. Nxc6 bxc6 7. Bd3 d6 8.
O-O Ne7 9. Nd2 Ng6 10. Nb3 Bb6 11. Nd4 Bd7 12. Be3 O-O 13. f4 f5 14. Qc2 fxe4
15. Bxe4 Qf6 16. Rf3 d5 17. Bxg6 hxg6 18. Rg3 c5 19. Nf3 d4 20. cxd4 cxd4 21.
Rxg6 Qf5 22. Nxd4 Bxd4 23. Bxd4 Rf7 24. Qxf5 Bxf5 25. Rg5 Be6 26. f5 Bxf5 27.
Bxg7 Kh7 28. Rf1 Be6 29. Bf6 Raf8 30. Rh5+ Kg6 31. Rg5+ Kh6 32. Re5 Rxf6 33.
Rxe6 Rxe6 34. Rxf8 Re2 35. Rb8 Kg5 36. a3 a6 37. Rb7 Rc2 38. h3 Rc1+ 39. Kh2
Rc2 40. Rb3 Kf4 41. Rc3 Rxb2 42. Rxc7 Rb5 43. Rc4+ Kg5 44. a4 Rd5 45. h4+ Kh5
46. Kh3 Rd6 47. g4+ Kh6 48. h5 Kh7 49. Rc7+ Kh8 50. Ra7 Rb6 51. Kh4 Rc6 52. Kg5
Rc5+ 53. Kg6 Rc6+ 54. Kf7 Rh6 55. Ra8+ Kh7 56. g5 Rxh5 57. g6+ Kh6 58. Rh8+ Kg5
59. Rxh5+ 1-0

[Event "DEM U16 Oberhof"]
[Site "?"]
[Date "2013.05.19"]
[Round "2.2"]
[White "Lampert, Jonas"]
[Black "Krause, Benedict"]
[Result "1-0"]
[WhiteElo "2333"]
[BlackElo "2112"]
[PlyCount "117"]
[EventDate "2013.??.??"]

1. e4 c5 2. Nf3 e6 3. d4 cxd4 4. Nxd4 Nc6 5. Nc3 Qc7 6. Be3 a6 7. Be2 Nf6 8.
O-O Bb4 9. Na4 Be7 10. Nxc6 bxc6 11. Nb6 Rb8 12. Nxc8 Qxc8 13. Bd4 Qc7 14. e5
Nd5 15. c4 Nf4 16. g3 Ng6 17. f4 O-O 18. Qd2 f6 19. exf6 Bxf6 20. c5 e5 21.
fxe5 Nxe5 22. Rae1 d5 23. Qc3 a5 24. a3 Rbe8 25. b4 axb4 26. axb4 Nd7 27. Bxf6
Rxf6 28. Bf3 Ne5 29. Kg2 Rfe6 30. b5 Nxf3 31. Rxe6 Rxe6 32. Qxf3 Rf6 33. Qe2
Rxf1 34. b6 Qd7 35. Qxf1 h6 36. h3 Qe7 37. Qf2 Qe4+ 38. Kh2 Qe7 39. Qb2 Qb7 40.
h4 Kh8 41. Kg2 Kg8 42. Qe2 Qd7 43. Qe5 Kh8 44. Kf3 Qh3 45. Qe1 Qf5+ 46. Kg2 Qd7
47. Qe5 Kg8 48. Qb2 Qb7 49. Qb1 Qe7 50. Qc2 Kh8 51. Qb2 Qb7 52. Qe2 Qd7 53. g4
Kg8 54. g5 hxg5 55. hxg5 Qf5 56. Qe8+ Kh7 57. g6+ Kh6 58. Qe3+ Kxg6 59. Qg3+
1-0

[Event "DEM U16 Oberhof"]
[Site "?"]
[Date "2013.05.19"]
[Round "2.4"]
[White "Yankelevich, Lev"]
[Black "Knopf, Felix"]
[Result "1/2-1/2"]
[WhiteElo "2221"]
[BlackElo "1852"]
[PlyCount "93"]
[EventDate "2013.??.??"]

1. e4 c5 2. Nf3 d6 3. d4 cxd4 4. Nxd4 Nf6 5. Nc3 a6 6. h3 e6 7. g4 Be7 8. Bg2
Nc6 9. O-O Qc7 10. Nde2 O-O 11. f4 Rb8 12. Ng3 b5 13. a3 Rd8 14. g5 Ne8 15. h4
Na5 16. Qe1 Nc4 17. b3 Nb6 18. Bb2 d5 19. exd5 exd5 20. Qd2 b4 21. axb4 Bxb4
22. Qd3 Bb7 23. Nce2 Rbc8 24. Nd4 Bc3 25. Bxc3 Qxc3 26. Qxc3 Rxc3 27. Ngf5 Nd6
28. Nxd6 Rxd6 29. Rfe1 Kf8 30. Re2 Rd8 31. Rae1 Rc7 32. f5 g6 33. f6 Nc8 34. h5
Nd6 35. hxg6 hxg6 36. Bf3 Re8 37. Rxe8+ Nxe8 38. Re5 Rc5 39. c4 Nc7 40. Kf2 a5
41. Re7 Ba8 42. cxd5 Bxd5 43. Bxd5 Nxd5 44. Ra7 Nc7 45. Ke3 Ke8 46. Rb7 Kd7 47.
Nf3 1/2-1/2

[Event "DEM U16 Oberhof"]
[Site "?"]
[Date "2013.05.19"]
[Round "2.5"]
[White "Brodmann, Jasper Leo"]
[Black "Kramer, Julian"]
[Result "0-1"]
[WhiteElo "1966"]
[BlackElo "2133"]
[PlyCount "82"]
[EventDate "2013.??.??"]

1. e4 c5 2. Nf3 d6 3. d4 cxd4 4. Nxd4 Nf6 5. Nc3 a6 6. Be3 e5 7. Nb3 Be6 8. h3
Nc6 9. Qf3 Be7 10. g4 Nb4 11. O-O-O Rc8 12. Kb1 O-O 13. g5 Nd7 14. h4 b5 15.
Bd3 f5 16. Qg2 f4 17. Bc1 Nb6 18. Qf3 Nxd3 19. Qxd3 b4 20. Ne2 Bc4 21. Qd2 Nd7
22. f3 Qb6 23. Rh2 a5 24. Na1 a4 25. b3 Be6 26. Bb2 axb3 27. Nxb3 Nc5 28. Nxc5
Rxc5 29. Nc1 Ra8 30. Nb3 Rc7 31. g6 Qa6 32. gxh7+ Kh8 33. Nc1 Qb5 34. h5 Rca7
35. Rg1 Bxa2+ 36. Nxa2 Rxa2 37. Qg2 Bf6 38. Qe2 Qa4 39. Kc1 Rxb2 40. Rg6 Qa1+
41. Kd2 Rxc2+ 0-1

[Event "DEM U16 Oberhof"]
[Site "?"]
[Date "2013.05.19"]
[Round "2.6"]
[White "Koop, Thorben"]
[Black "Hoffmann, Tim"]
[Result "1-0"]
[WhiteElo "2145"]
[BlackElo "1922"]
[PlyCount "77"]
[EventDate "2013.??.??"]

1. Nf3 Nf6 2. d4 e6 3. g3 b6 4. Bg2 Bb7 5. O-O Be7 6. c4 O-O 7. Nc3 d6 8. Qc2
Nbd7 9. Rd1 Qc8 10. e4 c5 11. d5 e5 12. Nh4 g6 13. Bh3 Qd8 14. Be3 Nh5 15. Ng2
Ng7 16. Bh6 Bc8 17. f4 exf4 18. gxf4 Nf6 19. Bxc8 Qxc8 20. Bg5 h6 21. Bh4 Qd7
22. Re1 Rfe8 23. e5 Nh7 24. e6 Qd8 25. Bxe7 Qxe7 26. Ne3 Nf8 27. Ne4 Nh5 28. f5
Nf6 29. Kh1 g5 30. Nxf6+ Qxf6 31. Ng4 Qh8 32. Qg2 h5 33. Qh3 h4 34. Qe3 Qg7 35.
Qe4 Nh7 36. Re2 Kh8 37. Qf3 f6 38. Nf2 Re7 39. Qh5 1-0

[Event "DEM U16 Oberhof"]
[Site "?"]
[Date "2013.05.19"]
[Round "2.7"]
[White "Heldt, Ronny"]
[Black "Oehne, Timo"]
[Result "0-1"]
[WhiteElo "1858"]
[BlackElo "2027"]
[PlyCount "88"]
[EventDate "2013.??.??"]

1. d4 Nf6 2. c4 g6 3. Nf3 Bg7 4. g3 O-O 5. Bg2 c6 6. O-O d5 7. cxd5 Nxd5 8. e4
Nb6 9. Nc3 Bg4 10. Be3 Na6 11. h3 Be6 12. Ne2 Nc7 13. b3 Qd7 14. Nf4 Rfd8 15.
Qc2 Rac8 16. Rad1 h6 17. Kh2 Na6 18. Nd3 Qe8 19. Nfe5 Nd7 20. f4 Nxe5 21. Nxe5
c5 22. d5 Nb4 23. Qb1 Bd7 24. Rc1 Bb5 25. Nc4 b6 26. f5 gxf5 27. exf5 Nxd5 28.
Bd2 Bc6 29. Rce1 Nf6 30. Bxc6 Qxc6 31. Qc1 b5 32. Ne5 Qd5 33. Bxh6 Bxh6 34.
Qxh6 Qd2+ 35. Qxd2 Rxd2+ 36. Kg1 Rxa2 37. Ra1 Rxa1 38. Rxa1 c4 39. bxc4 bxc4
40. Rxa7 c3 41. Ra1 Ne4 42. g4 c2 43. Nd3 Rd8 44. Nb2 Rb8 0-1

[Event "DEM U16 Oberhof"]
[Site "?"]
[Date "2013.05.19"]
[Round "2.8"]
[White "Ott, Florian"]
[Black "Eichstaedt, Mirko"]
[Result "1-0"]
[WhiteElo "2072"]
[BlackElo "1927"]
[PlyCount "73"]
[EventDate "2013.??.??"]

1. d4 d5 2. c4 c6 3. Nf3 Nf6 4. e3 e6 5. b3 Nbd7 6. Bd3 Bd6 7. Bb2 O-O 8. Nbd2
Re8 9. Ne5 Nf8 10. O-O N6d7 11. Rc1 f6 12. Nxd7 Bxd7 13. e4 dxc4 14. bxc4 c5
15. e5 Bc7 16. Ne4 cxd4 17. exf6 gxf6 18. Bxd4 e5 19. Ba1 Qe7 20. c5 Qg7 21. f4
Kh8 22. Nxf6 Qxf6 23. fxe5 Qg7 24. Rf7 Qg5 25. e6+ Be5 26. exd7 Re7 27. Rxe7
Qxe7 28. Bxe5+ Qxe5 29. Bb5 Rd8 30. Kh1 Nxd7 31. Bxd7 Qg7 32. Qf3 Rxd7 33. Re1
Re7 34. Rd1 h6 35. h3 Rd7 36. Re1 Re7 37. Rb1 1-0

[Event "DEM U16 Oberhof"]
[Site "?"]
[Date "2013.05.19"]
[Round "2.9"]
[White "Bonk, Andras"]
[Black "Mueller, Max"]
[Result "1-0"]
[WhiteElo "2078"]
[BlackElo "1733"]
[PlyCount "97"]
[EventDate "2013.??.??"]

1. e4 c5 2. Nf3 d6 3. Bb5+ Bd7 4. Bxd7+ Qxd7 5. c4 Nf6 6. Nc3 Nc6 7. d4 cxd4 8.
Nxd4 g6 9. f3 Bg7 10. Be3 Rc8 11. b3 O-O 12. Rc1 Rfd8 13. O-O e6 14. Nxc6 bxc6
15. Na4 Qc7 16. Qc2 Nd7 17. Rfd1 c5 18. Nc3 Ne5 19. Rd2 a6 20. Rcd1 Nc6 21. Ne2
Kf8 22. f4 Ne7 23. Kh1 Rd7 24. Ng3 f5 25. exf5 Nxf5 26. Nxf5 gxf5 27. Rd3 Ke7
28. Bf2 Rg8 29. Rh3 h6 30. Bh4+ Kf8 31. Re3 e5 32. fxe5 Bxe5 33. Qxf5+ Rf7 34.
Qe4 Qc8 35. Bg3 Rg4 36. Qc2 Bxg3 37. hxg3 Rd4 38. Rde1 Qg4 39. Qe2 Qg5 40. Kg1
Rg4 41. Qd2 Rd4 42. Qa5 Qf6 43. Rf3 Qg5 44. Rxf7+ Kxf7 45. Qc7+ Kf8 46. Qc8+
Kf7 47. Qd7+ Kg6 48. Re6+ Kh5 49. Qf7+ 1-0

[Event "DEM U16 Oberhof"]
[Site "?"]
[Date "2013.05.19"]
[Round "2.10"]
[White "Keller, Peter"]
[Black "Walter, Kevin"]
[Result "0-1"]
[WhiteElo "2065"]
[BlackElo "1931"]
[PlyCount "76"]
[EventDate "2013.??.??"]

1. e4 c5 2. Nf3 e6 3. Nc3 a6 4. d4 cxd4 5. Nxd4 Qc7 6. Be2 Nf6 7. a3 d6 8. f4
b5 9. O-O Bb7 10. Bf3 Nbd7 11. Kh1 g6 12. Qe1 e5 13. Nd5 Qc4 14. b3 Qc5 15. b4
Qxd4 16. Nc7+ Kd8 17. c3 Qc4 18. Nxa8 Bxa8 19. fxe5 dxe5 20. Bg5 Ke8 21. Qf2
Bg7 22. Rad1 Qc7 23. Rd2 h6 24. Be3 h5 25. Bg5 Kf8 26. a4 Kg8 27. axb5 axb5 28.
Ra1 Kh7 29. Qe3 Nb6 30. Bxf6 Bxf6 31. Be2 Bg7 32. Bxb5 Bh6 33. Qc5 Qxc5 34.
bxc5 Bxd2 35. cxb6 Bxc3 36. Ra7 Rb8 37. Rxf7+ Kh6 38. Rf6 Bd4 0-1

[Event "DEM U16 Oberhof"]
[Site "?"]
[Date "2013.05.19"]
[Round "2.11"]
[White "Meyers, Mark"]
[Black "Sabirov, Ramil"]
[Result "1/2-1/2"]
[WhiteElo "1940"]
[BlackElo "1900"]
[PlyCount "57"]
[EventDate "2013.??.??"]

1. c4 c5 2. g3 g6 3. Bg2 Bg7 4. Nc3 Nc6 5. d3 e6 6. Bxc6 bxc6 7. e4 d6 8. Nge2
e5 9. f3 Bh3 10. Rg1 Be6 11. Be3 Ne7 12. Qd2 O-O 13. g4 Qd7 14. Ng3 f6 15. h4
Rab8 16. h5 g5 17. Nf5 h6 18. b3 Nxf5 19. exf5 Bf7 20. Ne4 Qd8 21. Ke2 Re8 22.
Rab1 a5 23. a3 Bf8 24. Bf2 Be7 25. Rb2 Kg7 26. Rgb1 Kh7 27. Kf1 Kg7 28. Kg2 Kh7
29. Rf1 1/2-1/2

[Event "DEM U16 Oberhof"]
[Site "?"]
[Date "2013.05.19"]
[Round "2.12"]
[White "Kieslich, Aaron"]
[Black "Tennert, Simon"]
[Result "0-1"]
[WhiteElo "2028"]
[BlackElo "2148"]
[PlyCount "88"]
[EventDate "2013.??.??"]

1. d4 Nf6 2. c4 c5 3. d5 e6 4. Nc3 exd5 5. cxd5 d6 6. e4 g6 7. f3 Bg7 8. Be3
O-O 9. Nge2 a6 10. a4 Nbd7 11. Ng3 Nh5 12. Nxh5 gxh5 13. Be2 Ne5 14. O-O f5 15.
exf5 Bxf5 16. h3 h4 17. f4 Ng6 18. Bg4 Qd7 19. Qf3 Rae8 20. Kh1 Bxg4 21. hxg4
Ne5 22. Qh3 Nxg4 23. Bg1 Qf5 24. Rae1 Rxe1 25. Rxe1 Qxf4 26. Re4 Nf2+ 27. Bxf2
Qxf2 28. Qxh4 Qf1+ 29. Kh2 Be5+ 30. Rxe5 dxe5 31. Qg5+ Kh8 32. Qxe5+ Qf6 33.
Qxf6+ Rxf6 34. Ne4 Rf5 35. Nxc5 Rxd5 36. Nxb7 a5 37. Kg3 Kg7 38. Kf3 Kf6 39.
Ke4 Ke6 40. b3 h6 41. g3 h5 42. Kf4 Kd7 43. Kf3 Kc7 44. Ke4 Rg5 0-1

[Event "DEM U16 Oberhof"]
[Site "?"]
[Date "2013.05.19"]
[Round "2.13"]
[White "Grunau, Christoph"]
[Black "Bingert, Tim Niklas"]
[Result "1-0"]
[WhiteElo "2036"]
[BlackElo "2020"]
[PlyCount "119"]
[EventDate "2013.??.??"]

1. e4 c5 2. Nf3 Nc6 3. Bb5 e6 4. O-O Nge7 5. Re1 a6 6. Bf1 b5 7. a4 b4 8. e5
Bb7 9. d3 d6 10. exd6 Qxd6 11. Nbd2 Nd5 12. Ne4 Qc7 13. g3 Be7 14. Bh3 O-O 15.
Bg5 Nd4 16. Bxe7 Nxf3+ 17. Qxf3 Qxe7 18. Qe2 Rfd8 19. Nd2 Qf6 20. Nc4 Rac8 21.
Bg2 h6 22. Qe5 Qxe5 23. Rxe5 Rc7 24. Rae1 Bc6 25. b3 Ba8 26. f4 Ne7 27. Bxa8
Rxa8 28. g4 g6 29. Kf2 Rd8 30. Nd2 Rd4 31. R1e4 Rd5 32. Rc4 g5 33. Ne4 gxf4 34.
Nf6+ Kf8 35. Nxd5 exd5 36. Rxf4 Ng6 37. Ref5 Nxf4 38. Rxf4 Ke7 39. Ke3 Rc6 40.
Rf5 Rd6 41. Re5+ Kd7 42. h4 Rg6 43. Rxd5+ Ke6 44. Rh5 Rxg4 45. Rxh6+ Kd5 46.
Rxa6 Rxh4 47. Rf6 Rh5 48. Rf2 Rh3+ 49. Kd2 Ke6 50. c3 f5 51. cxb4 cxb4 52. Rf4
Rh2+ 53. Ke3 Rh3+ 54. Kd4 Rg3 55. a5 Rg7 56. Kc5 Ke5 57. Rxb4 f4 58. Re4+ Kf5
59. Re1 f3 60. a6 1-0

[Event "DEM U16 Oberhof"]
[Site "?"]
[Date "2013.05.19"]
[Round "2.14"]
[White "Ruff, Maximilian"]
[Black "Brinkmann, Fabian"]
[Result "1-0"]
[WhiteElo "2073"]
[BlackElo "1827"]
[PlyCount "61"]
[EventDate "2013.??.??"]

1. e4 c6 2. Ne2 d5 3. e5 c5 4. c3 b6 5. Ng3 c4 6. d3 cxd3 7. Bxd3 e6 8. Nd2 Qc7
9. f4 f6 10. O-O Nc6 11. Nf3 fxe5 12. fxe5 Bd7 13. Qe2 Be7 14. Nh5 g6 15. Ng5
Qxe5 16. Qf3 Nh6 17. Bf4 O-O 18. Bxe5 Rxf3 19. Nxf3 gxh5 20. Bg3 Nf7 21. Rae1
Bf6 22. Bh4 Bg7 23. Ng5 Nxg5 24. Bxg5 e5 25. Bf5 Bxf5 26. Rxf5 Rf8 27. Ref1
Rxf5 28. Rxf5 d4 29. Bf6 Bh6 30. Bxe5 d3 31. Kf1 1-0

[Event "DEM U16 Oberhof"]
[Site "?"]
[Date "2013.05.19"]
[Round "2.15"]
[White "Scheel, Henrik"]
[Black "Hinrichs, Lars"]
[Result "0-1"]
[WhiteElo "1746"]
[BlackElo "1993"]
[PlyCount "66"]
[EventDate "2013.??.??"]

1. d4 d5 2. c4 e6 3. Nc3 c5 4. e3 Nf6 5. Nf3 Nc6 6. cxd5 exd5 7. Be2 Be7 8. Ne5
O-O 9. O-O Bf5 10. a3 Rc8 11. Bd3 Bxd3 12. Qxd3 Qd6 13. f4 c4 14. Qc2 a6 15.
Bd2 b5 16. Na2 Ne4 17. Nb4 Nxd2 18. Qxd2 Nxb4 19. axb4 Ra8 20. Ra2 f6 21. Nf3
Qxb4 22. Rfa1 a5 23. Qc2 a4 24. Nd2 Rfe8 25. Kf2 Rac8 26. Nb1 Qb3 27. Qf5 Bb4
28. Qxd5+ Kh8 29. Qf3 Be1+ 30. Kf1 Rxe3 31. Qg4 Qd3+ 32. Kg1 Rce8 33. Ra3 Bf2+
0-1

[Event "DEM U16 Oberhof"]
[Site "?"]
[Date "2013.05.20"]
[Round "3.1"]
[White "Kramer, Julian"]
[Black "Lampert, Jonas"]
[Result "0-1"]
[WhiteElo "2133"]
[BlackElo "2333"]
[PlyCount "36"]
[EventDate "2013.??.??"]

1. e4 e5 2. Nf3 Nc6 3. Nc3 Nf6 4. d4 exd4 5. Nd5 Nb4 6. Nxf6+ Qxf6 7. Bc4 d5 8.
exd5 Bg4 9. Bb5+ c6 10. dxc6 Qe6+ 11. Qe2 Nxc2+ 12. Kd1 Qxe2+ 13. Kxe2 O-O-O
14. Rb1 d3+ 15. Bxd3 Nd4+ 16. Kf1 Nxf3 17. gxf3 Bh3+ 18. Ke2 Rxd3 0-1

[Event "DEM U16 Oberhof"]
[Site "?"]
[Date "2013.05.20"]
[Round "3.2"]
[White "Kvetny, Mark"]
[Black "Richter, Leonard"]
[Result "1/2-1/2"]
[WhiteElo "2269"]
[BlackElo "1986"]
[PlyCount "69"]
[EventDate "2013.??.??"]

1. d4 Nf6 2. c4 g6 3. Nc3 Bg7 4. e4 d6 5. f4 O-O 6. Nf3 c5 7. dxc5 Qa5 8. Bd3
Qxc5 9. Qe2 Bd7 10. Be3 Qc7 11. h3 Nc6 12. Rc1 Nb4 13. O-O Nxd3 14. Qxd3 Rac8
15. b3 Rfe8 16. g4 Bc6 17. b4 b6 18. Nd5 Qb7 19. Nd4 e6 20. Nxc6 Qxc6 21. b5
Qb7 22. Nxf6+ Bxf6 23. Bd4 Bxd4+ 24. Qxd4 Red8 25. f5 exf5 26. exf5 d5 27. f6
Qc7 28. Qe3 dxc4 29. Qh6 Qc5+ 30. Rf2 Qf8 31. Qf4 c3 32. Qe3 Qc5 33. Qh6 Qf8
34. Qe3 Qc5 35. Qh6 1/2-1/2

[Event "DEM U16 Oberhof"]
[Site "?"]
[Date "2013.05.20"]
[Round "3.3"]
[White "Walter, Kevin"]
[Black "Yankelevich, Lev"]
[Result "1/2-1/2"]
[WhiteElo "1931"]
[BlackElo "2221"]
[PlyCount "76"]
[EventDate "2013.??.??"]

1. e4 c5 2. Nf3 d6 3. d4 cxd4 4. Nxd4 Nf6 5. Nc3 a6 6. f4 e5 7. Nf5 Qc7 8. Ne3
exf4 9. Ned5 Nxd5 10. Nxd5 Qa5+ 11. Bd2 Qd8 12. Bxf4 Be6 13. Qd2 Bxd5 14. Qxd5
Nc6 15. Bc4 Qa5+ 16. Qxa5 Nxa5 17. Bd5 f6 18. O-O-O O-O-O 19. Rd3 Nc6 20. Rhd1
Kc7 21. a3 Be7 22. c4 Ne5 23. Rg3 g6 24. h3 b6 25. Kc2 Rb8 26. b4 Kd7 27. Rc3
Rhc8 28. Be3 Ke8 29. Rb1 Rc7 30. a4 Bd8 31. Rbb3 Rg7 32. c5 bxc5 33. bxc5 Rxb3
34. Kxb3 dxc5 35. Rxc5 Rc7 36. Rxc7 Bxc7 37. Kb4 Kd7 38. Bb7 Bd6+ 1/2-1/2

[Event "DEM U16 Oberhof"]
[Site "?"]
[Date "2013.05.20"]
[Round "3.4"]
[White "Knopf, Felix"]
[Black "Koop, Thorben"]
[Result "1/2-1/2"]
[WhiteElo "1852"]
[BlackElo "2145"]
[PlyCount "123"]
[EventDate "2013.??.??"]

1. d4 Nf6 2. c4 g6 3. Nc3 Bg7 4. Nf3 O-O 5. e4 c6 6. e5 Ne8 7. Bf4 d6 8. h3 Nd7
9. exd6 Nxd6 10. Qd2 Nf6 11. Rd1 Be6 12. b3 Nde4 13. Nxe4 Nxe4 14. Qc2 Qa5+ 15.
Bd2 Nxd2 16. Qxd2 Qxd2+ 17. Rxd2 Rfd8 18. Be2 c5 19. O-O cxd4 20. Rfd1 Bf5 21.
Nxd4 Bh6 22. Rb2 Be4 23. f3 Be3+ 24. Kf1 Bxd4 25. Rbd2 e5 26. fxe4 Rdc8 27. Bg4
Rc7 28. Ke2 a6 29. a4 a5 30. Rf1 Ra6 31. Rd3 Kg7 32. Kd2 Rf6 33. Rxf6 Kxf6 34.
Bd1 Ke6 35. g4 f6 36. Ke1 Rg7 37. Rg3 Rd7 38. Rd3 Kf7 39. Bc2 Kg7 40. Kf1 Kh6
41. Kg2 Kg5 42. Bd1 Rd6 43. Be2 Rd8 44. Bd1 Rf8 45. Rf3 Bc5 46. Bc2 Rd8 47. Bd3
Kh4 48. Be2 Rd2 49. Kf1 Rb2 50. Rd3 Kg5 51. Rf3 Rb1+ 52. Kg2 Rg1+ 53. Kh2 Re1
54. Bd3 Be3 55. Kg2 Bf4 56. Kf2 Rc1 57. Be2 f5 58. gxf5 gxf5 59. Bd3 Rc3 60.
Bb1 Rc1 61. Bd3 Rc3 62. Bb1 1/2-1/2

[Event "DEM U16 Oberhof"]
[Site "?"]
[Date "2013.05.20"]
[Round "3.5"]
[White "Oehne, Timo"]
[Black "Bonk, Andras"]
[Result "1/2-1/2"]
[WhiteElo "2027"]
[BlackElo "2078"]
[PlyCount "97"]
[EventDate "2013.??.??"]

1. d4 Nf6 2. Nf3 e6 3. g3 c5 4. Bg2 Nc6 5. O-O d5 6. c4 dxc4 7. Qa4 Qa5 8. Qxc4
Qb4 9. Qxb4 Nxb4 10. Na3 Be7 11. Re1 O-O 12. Bd2 Rd8 13. Bxb4 cxb4 14. Nc4 Ne4
15. Red1 b6 16. Nfe5 Bb7 17. Nd2 Nd6 18. Bxb7 Nxb7 19. Nc6 Rd7 20. Nxe7+ Rxe7
21. Rac1 Nd6 22. Rc6 Nb5 23. e3 Rd8 24. f4 f6 25. Ne4 Rc7 26. Rxe6 Kf7 27. f5
Rd5 28. g4 Rc2 29. Rd2 Rc1+ 30. Kg2 Nc7 31. Rd6 Ke7 32. Rxd5 Nxd5 33. Kf3 Ra1
34. Nf2 Rxa2 35. e4 Nc3 36. e5 Nb5 37. e6 Ra1 38. Ne4 Re1 39. d5 Nd6 40. Nxd6
Kxd6 41. h4 a5 42. Rd4 b5 43. Kf2 Re5 44. b3 g6 45. fxg6 hxg6 46. Kf3 a4 47.
bxa4 bxa4 48. Rxb4 a3 49. Ra4 1/2-1/2

[Event "DEM U16 Oberhof"]
[Site "?"]
[Date "2013.05.20"]
[Round "3.6"]
[White "Schroeder, Jan-Christian"]
[Black "Mueller, Constantin"]
[Result "1-0"]
[WhiteElo "2322"]
[BlackElo "1956"]
[PlyCount "57"]
[EventDate "2013.??.??"]

1. e4 e6 2. d4 d5 3. e5 c5 4. c3 Nc6 5. Nf3 Qb6 6. a3 Nh6 7. b4 cxd4 8. Bxh6
gxh6 9. cxd4 Bd7 10. Be2 Rc8 11. O-O a5 12. b5 Ne7 13. Qd3 Qc7 14. Nbd2 Qc3 15.
Qxc3 Rxc3 16. Rfc1 Rxc1+ 17. Rxc1 Nc8 18. a4 b6 19. Ne1 Bb4 20. Nb3 f6 21. Nd3
Be7 22. Nd2 f5 23. Nf3 Kd8 24. Rc3 Be8 25. Nf4 Kd7 26. Rc6 Bf7 27. Bd3 Bd8 28.
Nxd5 Ne7 29. Nf6# 1-0

[Event "DEM U16 Oberhof"]
[Site "?"]
[Date "2013.05.20"]
[Round "3.7"]
[White "Tennert, Simon"]
[Black "Ruff, Maximilian"]
[Result "1/2-1/2"]
[WhiteElo "2148"]
[BlackElo "2073"]
[PlyCount "80"]
[EventDate "2013.??.??"]

1. Nf3 c5 2. c4 g6 3. Nc3 Bg7 4. e4 Nc6 5. Be2 d6 6. O-O Bg4 7. Rb1 Nf6 8. a3
a5 9. d3 O-O 10. Ne1 Bxe2 11. Nxe2 Ne8 12. Nc2 Nc7 13. b4 axb4 14. axb4 b6 15.
d4 cxd4 16. Nexd4 Qd7 17. Qd3 Ne6 18. Nxc6 Qxc6 19. Ne3 Nf4 20. Nd5 Qxd5 21.
Qxd5 Nxd5 22. cxd5 b5 23. Bg5 Rfe8 24. Rfc1 h6 25. Be3 Rec8 26. Kf1 h5 27. Rc6
Rxc6 28. dxc6 Kf8 29. Bb6 Ke8 30. Rc1 Ra1 31. Rxa1 Bxa1 32. Ke2 e6 33. Kd3 Be5
34. h4 Ke7 35. g3 Bb2 36. Kc2 Ba1 37. Kd3 e5 38. Kc2 Ke6 39. Kd3 Ke7 40. Kc2
Ke6 1/2-1/2

[Event "DEM U16 Oberhof"]
[Site "?"]
[Date "2013.05.20"]
[Round "3.8"]
[White "Eichstaedt, Mirko"]
[Black "Scheel, Henrik"]
[Result "0-1"]
[WhiteElo "1927"]
[BlackElo "1746"]
[PlyCount "156"]
[EventDate "2013.??.??"]

1. d4 d5 2. c4 e6 3. Nc3 Nf6 4. cxd5 exd5 5. Bg5 Be7 6. e3 c6 7. Bd3 Ne4 8.
Bxe7 Qxe7 9. Qc2 Bf5 10. Nf3 O-O 11. O-O Bg6 12. Ne5 Re8 13. Nxg6 hxg6 14. Rae1
Nd7 15. f3 Nxc3 16. bxc3 c5 17. Qb2 Nb6 18. e4 Nc4 19. Qf2 Qd7 20. dxc5 Ne5 21.
Qd4 dxe4 22. Bxe4 Rad8 23. Rd1 Qb5 24. a4 Qe2 25. Qxd8 Rxd8 26. Rxd8+ Kh7 27.
Bxb7 Qe3+ 28. Kh1 Qxc5 29. Re8 Nd3 30. Be4 Nf2+ 31. Rxf2 Qxf2 32. h3 Qe1+ 33.
Kh2 Qxc3 34. g4 Qd2+ 35. Kg3 Qd7 36. Ra8 f5 37. gxf5 gxf5 38. Bxf5+ Qxf5 39.
Rxa7 Qg5+ 40. Kh2 Qf4+ 41. Kg2 Qd2+ 42. Kg3 Qd4 43. Rb7 Qxa4 44. h4 Qd1 45. Rb2
Qe1+ 46. Kh3 Kh6 47. Rb6+ g6 48. Rb2 Qc3 49. Rf2 Qe3 50. Kg3 Qe5+ 51. Kh3 Qf4
52. Rg2 Qxf3+ 53. Rg3 Qe4 54. Rg2 Qf5+ 55. Kh2 Qh5 56. Kh3 Kg7 57. Rg3 Kf6 58.
Rg5 Qe2 59. Rg3 Qf1+ 60. Kh2 Kf5 61. Rg5+ Kf4 62. Rxg6 Qf2+ 63. Kh3 Qf3+ 64.
Kh2 Qh5 65. Rf6+ Kg4 66. Rf2 Qe5+ 67. Kg2 Qg3+ 68. Kf1 Qd3+ 69. Kg1 Qe3 70. Kg2
Qe4+ 71. Kh2 Qe5+ 72. Kg2 Qg3+ 73. Kf1 Kh3 74. Ke2 Qxh4 75. Rf3+ Kg2 76. Re3
Qc4+ 77. Rd3 Qe4+ 78. Re3 Qc2+ 0-1